00624cam a22001937a 4500003000500000005001700005008004100022010001000063011001000073035001000083040000900093100002900102245011000131260008200241300001000323490003100333650003500364830003100399CHAP20220329134050.0971013s1956 r 00010 d a14898 a15870 a19947 cCHAP00aBerdegué Aznar, Julio.13aLa foca fina, el elefante marino y la ballena gris en Baja California, y el problema de su conservación aMéxico, D. F. :bInstituto Mexicano de Recursos Naturales Renovalbes,c1956 a38 p. 0aIMRNR. Publicaciónv; 1414aFauna marinaxBaja California.0 aIMRNR. Publicaciónv; 14